000 00232nam a22000857a 4500
008 160713b xxu||||| |||| 00| 0 eng d
100 _92729
_a Raskin, E
245 _aThe Mysterious Disappearance of Leon
260 _aN.Y
_b E.P.Dutton
_c1971
999 _c2369
_d2369